[Event "Mittelrhein Verbandsliga-M 15/16"]
[Site "Nordrheinwestfalen"]
[Date "2015.12.13"]
[Round "5.6"]
[White "Buettgen, Guido"]
[Black "Schott, Helmut"]
[Result "1-0"]
[WhiteElo "1929"]
[BlackElo "1761"]
[PlyCount "85"]
[EventDate "2015.09.06"]
[EventType "team-tourn"]
[EventRounds "11"]
[EventCountry "GER"]
[SourceTitle "EXT 2022"]
[Source "ChessBase"]
[SourceDate "2021.10.06"]
[SourceVersion "1"]
[SourceVersionDate "2021.10.06"]
[SourceQuality "1"]
[WhiteTeam "Eikamp Freibauer"]
[BlackTeam "Dormagen SV"]
[WhiteTeamCountry "GER"]
[BlackTeamCountry "GER"]

1. d4 c5 2. d5 d6 3. c4 e5 4. Nc3 Be7 5. e4 Bg5 6. Nf3 Bxc1 7. Rxc1 Nh6 8. Bd3 0-0 9. 0-0 f5 10. exf5 Bxf5 11. Ne4 Bxe4 12. Bxe4 Nf5 13. Bxf5 Rxf5 14. Qd3 Rf7 15. Nd2 h6 16. Ne4 Qf8 17. Qh3 Na6 18. a3 Nc7 19. Rc3 Rd8 20. Rg3 Kh8 21. Re1 Rf4 22. b3 Qf5 23. Qxf5 Rxf5 24. Rg6 Ne8 25. Re6 Rf7 26. Rxe8+ Rxe8 27. Nxd6 Rfe7 28. Nxe8 Rxe8 29. f3 Kg8 30. Kf2 Kf7 31. Ke3 Kf6 32. Ke4 g5 33. g4 h5 34. Rd1 h4 35. d6 Rd8 36. d7 b6 37. Rd6+ Ke7 38. Kxe5 Kf7 39. Kd5 Ke7 40. Re6+ Kf7 41. Kd6 Ra8 42. Re5 Kg6 43. Re8 1-0